Digital fundamentals / (Record no. 188970)
[ view plain ]
| 000 -LEADER | |
|---|---|
| fixed length control field | 01103 a2200217 4500 |
| 003 - CONTROL NUMBER IDENTIFIER | |
| control field | Nust |
| 005 - DATE AND TIME OF LATEST TRANSACTION | |
| control field | 20260408161308.0 |
| 010 ## - LIBRARY OF CONGRESS CONTROL NUMBER | |
| LC control number | 2008920736 |
| 020 ## - INTERNATIONAL STANDARD BOOK NUMBER | |
| International Standard Book Number | 9788131734483 |
| 020 ## - INTERNATIONAL STANDARD BOOK NUMBER | |
| International Standard Book Number | 9780132359238 |
| 040 ## - CATALOGING SOURCE | |
| Transcribing agency | Nust |
| 082 ## - DEWEY DECIMAL CLASSIFICATION NUMBER | |
| Classification number | 621.381,FLO |
| 100 1# - MAIN ENTRY--PERSONAL NAME | |
| Personal name | Floyd, Thomas L. |
| 9 (RLIN) | 10192 |
| 245 10 - TITLE STATEMENT | |
| Title | Digital fundamentals / |
| Statement of responsibility, etc. | Thomas L. Floyd. |
| 250 ## - EDITION STATEMENT | |
| Edition statement | 10th ed. |
| 260 ## - PUBLICATION, DISTRIBUTION, ETC. | |
| Place of publication, distribution, etc. | Upper Saddle River, N.J. : |
| Name of publisher, distributor, etc. | Pearson/Prentice Hall, |
| Date of publication, distribution, etc. | c2011. |
| 300 ## - PHYSICAL DESCRIPTION | |
| Extent | xiv, 865 p. : |
| Other physical details | col. ill. ; |
| Dimensions | 29 cm. |
| 505 ## - FORMATTED CONTENTS NOTE | |
| Formatted contents note | Introductory concepts (Page-1), Number systems,operations and codes (Page-45), Logic gates (Page-107), Boolean algebra and logic simplification (Page-172), Combinational logic analysis (Page-233), Functions of combinational logic (Page-285), Latches Flip Flops and Timers (Page-359), Counters (Page-416), Shift Register (Page-480), Memory and Storage (Page-525), Programmable Logic and Software (Page-590), Signal Interfacing and Processing (Page-677), Computer Concepts (Page-719), Integrated Circuits Technology (Page-769). |
| 650 #0 - SUBJECT ADDED ENTRY--TOPICAL TERM | |
| Topical term or geographic name entry element | Telecommunication Engineering. |
| 942 ## - ADDED ENTRY ELEMENTS (KOHA) | |
| Source of classification or shelving scheme | |
| Koha item type | Book |
| Withdrawn status | Lost status | Source of classification or shelving scheme | Damaged status | Not for loan | Permanent Location | Current Location | Shelving location | Date acquired | Total Checkouts | Full call number | Barcode | Date last seen | Date last checked out | Price effective from | Koha item type | Public note |
|---|---|---|---|---|---|---|---|---|---|---|---|---|---|---|---|---|
| Military College of Signals (MCS) | Military College of Signals (MCS) | General Stacks | 12/12/2016 | 2 | 621.381,FLO | MCS34776 | 12/18/2024 | 11/30/2024 | 12/12/2016 | Book | Almirah No.31, Shelf No.2 | |||||
| Military College of Signals (MCS) | Military College of Signals (MCS) | General Stacks | 12/12/2016 | 3 | 621.381,FLO | MCS34802 | 05/27/2024 | 05/06/2024 | 12/12/2016 | Book | Almirah No.31, Shelf No.2 | |||||
| Military College of Signals (MCS) | Military College of Signals (MCS) | Reference | 04/08/2026 | 621.381,FLO | MCS38973 | 04/08/2026 | 04/08/2026 | Reference | Almirah Reference No.21, Shelf No.1 |
